[Event "ROM-ch U10"]
[Site "Calimanesti Caciulata"]
[Date "2019.04.22"]
[Round "9"]
[White "Sava, Robert Gabriel"]
[Black "Craciun, Luca Stefan"]
[Result "1-0"]
[WhiteElo "1296"]
[BlackElo "1105"]
[PlyCount "107"]
[EventDate "2019.04.15"]
[EventType "swiss"]
[EventRounds "9"]
[EventCountry "ROU"]
[SourceTitle "CBM 190 Extra"]
[Source "ChessBase"]
[SourceDate "2019.07.15"]
[SourceVersion "1"]
[SourceVersionDate "2019.07.15"]
[SourceQuality "1"]

1. d4 d5 2. c4 e6 3. Nc3 c6 4. e4 Bd6 5. Nf3 Bc7 6. Be3 Ne7 7. Bd3 0-0 8. Qc2 f5 9. e5 Ba5 10. a3 Bxc3+ 11. bxc3 Nd7 12. Ke2 Qa5 13. c5 Qc7 14. g4 b6 15. gxf5 Nxf5 16. Bxf5 Rxf5 17. cxb6 axb6 18. Rhg1 Bb7 19. Ng5 Nf8 20. Nxe6 Nxe6 21. Qxf5 Bc8 22. Qc2 Ba6+ 23. Kd2 Rf8 24. Rg3 Rf7 25. Rag1 Bc8 26. Kc1 Qe7 27. Kb2 Qf8 28. h4 Ra7 29. Ra1 c5 30. h5 Kh8 31. h6 gxh6 32. Rag1 Ng5 33. Bxg5 hxg5 34. Rxg5 Be6 35. R5g3 c4 36. a4 b5 37. f4 Rxa4 38. Kb1 Qxf4 39. Qg2 Qf8 40. Qf3 Qxf3 41. Rxf3 Ra8 42. Rf6 Re8 43. Kb2 Rg8 44. Rxg8+ Bxg8 45. e6 Kg7 46. e7 Bf7 47. Rd6 h5 48. Rd8 h4 49. e8Q Bxe8 50. Rxe8 Kg6 51. Rh8 Kg5 52. Ka3 Kf4 53. Rxh4+ Ke3 54. Kb4 1-0

[Event "ROM-ch U10"]
[Site "Calimanesti Caciulata"]
[Date "2019.04.21"]
[Round "8"]
[White "Craciun, Luca Stefan"]
[Black "Santimbrean, Mihnea Nicolae"]
[Result "1/2-1/2"]
[WhiteElo "1105"]
[BlackElo "1333"]
[PlyCount "49"]
[EventDate "2019.04.15"]
[EventType "swiss"]
[EventRounds "9"]
[EventCountry "ROU"]
[SourceTitle "CBM 190 Extra"]
[Source "ChessBase"]
[SourceDate "2019.07.15"]
[SourceVersion "1"]
[SourceVersionDate "2019.07.15"]
[SourceQuality "1"]

1. e4 d6 2. d4 Nf6 3. Nc3 g6 4. Be3 Bg7 5. f3 c6 6. Qd2 Qa5 7. Bd3 Nbd7 8. Nge2 e5 9. Bh6 exd4 10. Nxd4 Bxh6 11. Qxh6 Qh5 12. Qe3 Ne5 13. Be2 Ned7 14. 0-0-0 Qa5 15. Nb3 Qc7 16. Qd4 Ke7 17. Rd2 Qb6 18. Qxd6+ Kd8 19. Na4 Qe3 20. Kb1 b5 21. Nac5 a5 22. Qxc6 Rb8 23. Nxd7 Nxd7 24. Rhd1 a4 25. Nc5 1/2-1/2

[Event "ROM-ch U10"]
[Site "Calimanesti Caciulata"]
[Date "2019.04.18"]
[Round "5"]
[White "Petrica, Dan Andrei"]
[Black "Craciun, Luca Stefan"]
[Result "0-1"]
[WhiteElo "1273"]
[BlackElo "1105"]
[PlyCount "58"]
[EventDate "2019.04.15"]
[EventType "swiss"]
[EventRounds "9"]
[EventCountry "ROU"]
[SourceTitle "CBM 190 Extra"]
[Source "ChessBase"]
[SourceDate "2019.07.15"]
[SourceVersion "1"]
[SourceVersionDate "2019.07.15"]
[SourceQuality "1"]

1. d4 d5 2. c4 e6 3. Nc3 c6 4. Nf3 Bd6 5. e4 Bc7 6. e5 Ne7 7. Bg5 h6 8. Bh4 Qd7 9. Bxe7 Qxe7 10. Qb3 Ba5 11. Bd3 0-0 12. 0-0 Bxc3 13. bxc3 b6 14. cxd5 cxd5 15. Nd2 Bb7 16. f4 Nd7 17. Rf3 Rac8 18. Raf1 Rc7 19. f5 exf5 20. Rxf5 Bc8 21. c4 Nc5 22. dxc5 Bxf5 23. Rxf5 Qxc5+ 24. Rf2 dxc4 25. Nxc4 b5 26. Ne3 Qxe3 27. Bg6 Rc3 28. Bxf7+ Kh8 29. Qb4 Rxf7 0-1